zpět

Detail výsledku týmu

Organza, Liberec

Datum a čas kvízu

13.5 Celkem bodů Celkový počet nahraných bodů na tomto kvízu bez doplňovacích otázek.
9. Pořadí na kvízu Konečné umístění týmu na tomto kvízu.

Zaznamenané odpovědi

# Otázka Odpověď Body Výsledky
1. Novým místopředsedou sněmovny... Aleš Juchelka 0
2. V médiích se minulý týden obje... nafukovací panna 0
3. Minulý týden jsme se dozvěděli... Tereza Pergnerová 1
4. Ve čtvrtek byla veřejnosti pře... v Ostravě 0
5. 41letý český atlet, který je d... Vítězslav Veselý 0
6. Pojmenování spojená s reproduk... zmetek 0
7. Jak se jmenuje zobrazené asijs... kašmírská koza 0
8. Které z následujících tvrzení... D 1
9. Ještě do zhruba 13. století se... zebu 0
10. Zvířata, která mají vlnu, vylu... lanolin 0